| 000 | 01384cam a2200349 a 4500 | ||
|---|---|---|---|
| 001 | 15990229 | ||
| 003 | NUST | ||
| 005 | 20220405110105.0 | ||
| 008 | 091119s2010 nyua b 001 0 eng | ||
| 010 | _a 2009048166 | ||
| 020 | _a9781615300297 (library binding) | ||
| 038 | _awaseem | ||
| 040 |
_aDLC _cDLC _dDLC |
||
| 050 | 0 | 0 |
_aCB358 _b.B69 2010 |
| 082 | 0 | 0 |
_a901 _bBRI |
| 245 | 0 | 4 |
_aThe Britannica guide to theories and ideas that changed the modern world / _cedited by Kathleen Kuiper. |
| 250 | _a1st ed. | ||
| 260 |
_aNew York, NY : _bBritannica Educational Pub. in association with Rosen Educational Services, _c2010. |
||
| 300 |
_a383 p. : _bill. ; _c24 cm |
||
| 490 | 0 | _aTurning points in history | |
| 504 | _aIncludes bibliographical references and index. | ||
| 505 | 0 | _aThe biological sciences -- Mathematics and the physical sciences -- The arts -- The social sciences, philosophy, and religion -- Politics and the law. | |
| 563 | _aHBK. | ||
| 650 | 0 |
_aCivilization, Modern. _990819 |
|
| 650 | 0 |
_aIntellectual life _xHistory. _93713 |
|
| 650 | 0 |
_aScience _xHistory. _938930 |
|
| 650 | 0 |
_aPhilosophy, Modern _xHistory. _990820 |
|
| 700 | 1 |
_aKuiper, Kathleen. _990821 |
|
| 906 |
_a7 _bcbc _corignew _d1 _eecip _f20 _gy-gencatlg |
||
| 942 |
_2ddc _cBK |
||
| 999 |
_c589041 _d589041 |
||